| 000 | 00340nam a2200121Ia 4500 | ||
|---|---|---|---|
| 008 | 150202s9999 xx 000 0 und d | ||
| 050 |
_aFIC _bFIC |
||
| 100 | _aMcGeady, Mary Rose. | ||
| 245 |
_aGod's lost children / _cMary Rose McGeady. |
||
| 260 |
_aUSA : _bCovenant House, _c1991. |
||
| 300 |
_a115 pages : _c18 cm. |
||
| 650 | _aFiction. | ||
| 999 |
_c282205 _d282205 |
||